The Christian philosophy of Saint Augustine / (Record no. 75889)

MARC details
000 -LEADER
fixed length control field 01191nam a2200337 a 4500
001 - CONTROL NUMBER
control field vtls000071659
003 - CONTROL NUMBER IDENTIFIER
control field NLI
005 - DATE AND TIME OF LATEST TRANSACTION
control field 20210601193139.0
008 - FIXED-LENGTH DATA ELEMENTS--GENERAL INFORMATION
fixed length control field 101125s1961 enk 001 0 eng
020 ## - INTERNATIONAL STANDARD BOOK NUMBER
Terms of availability Rs. 50.40
039 #9 - LEVEL OF BIBLIOGRAPHIC CONTROL AND CODING DETAIL [OBSOLETE]
-- 201011250732
-- VLOAD
040 0# - CATALOGING SOURCE
Original cataloging agency NLI
Language of cataloging eng
Transcribing agency Entertech-2003
Description conventions AACR2
041 1# - LANGUAGE CODE
Language code of text/sound track or separate title eng
Language code of original fre
044 ## - COUNTRY OF PUBLISHING/PRODUCING ENTITY CODE
MARC country code enk
082 04 - DEWEY DECIMAL CLASSIFICATION NUMBER
Classification number 189.2
100 1# - MAIN ENTRY--PERSONAL NAME
Personal name Gilson, Etienne,
Dates associated with a name 1884-1978
9 (RLIN) 170327
240 1# - UNIFORM TITLE
Uniform title Introduction a l'etude de saint Augustin.
Language of a work English
245 14 - TITLE STATEMENT
Title The Christian philosophy of Saint Augustine /
Statement of responsibility, etc. by Etienne Gilson ; translated [from the French] by L. E. M. Lynch
260 ## - PUBLICATION, DISTRIBUTION, ETC.
Place of publication, distribution, etc. London :
Name of publisher, distributor, etc. Victor Gollancz,
Date of publication, distribution, etc. 1961
300 ## - PHYSICAL DESCRIPTION
Extent xii, 398 p. ;
Dimensions 22 cm.
500 ## - GENERAL NOTE
General note Translation of : Introduction a l'etude de saint Augustin
500 ## - GENERAL NOTE
General note Includes index
600 00 - SUBJECT ADDED ENTRY--PERSONAL NAME
Personal name Augustine,
Titles and other words associated with a name Saint, Bishop of Hippo
General subdivision Contributions in theology
9 (RLIN) 172067
650 #0 - SUBJECT ADDED ENTRY--TOPICAL TERM
Topical term or geographic name entry element God
General subdivision Knowableness
-- History of doctrines
Chronological subdivision Early church, ca. 30-600
9 (RLIN) 172068
700 1# - ADDED ENTRY--PERSONAL NAME
Personal name Lynch, L. E. M,
Relationship trl
9 (RLIN) 172069
887 ## - NON-MARC INFORMATION FIELD
Content of non-MARC field
901 ## - LOCAL DATA ELEMENT A, LDA (RLIN)
a 340488
b 20.07.1961
902 ## - LOCAL DATA ELEMENT B, LDB (RLIN)
a E189.2 G428
949 ## - LOCAL PROCESSING INFORMATION (OCLC)
-- VIRTUAITEM
-- 10000
-- 100
6 PUR000340488ENG
942 ## - ADDED ENTRY ELEMENTS (KOHA)
Source of classification or shelving scheme Dewey Decimal Classification
Koha item type Books
Holdings
Withdrawn status Lost status Damaged status Not for loan Collection code Home library Current library Shelving location Date acquired Total Checkouts Full call number Barcode Date last seen Price effective from Koha item type
        New English National Library of India National Library of India New English - Main Stack Division     E189.2 G428 PUR000340488ENG 01/06/2021 01/06/2021 Books
                                                                           
web counter

Copyright ©2020 The National Library of India, Govt. of India ↔ Hosted by NVLI, MOC ↔ Technology and Design by National Library of India, Ministry of Culture, Govt. of India